000 03196naa a2200349Ia 4500
003 OSt
005 20260416135656.0
008 260416s2017 xx 000 0 und d
040 _aFoundation University
_bEng
_cFoundation University
_erda
050 _aCBA (OprMgt-FS) LG 221 D35 B87
_bA5 B87 O64 2014 A86
099 _a799
100 _aAsonio, Brenda C.
_91517
_eauthor.
245 1 0 _aA feasibility study of establishing a cremation cemetery , Cadawinonan, Dumaguete City /
_cby Brenda C. Asonio, Cheryll G. Bayona, Grace J. Jumento and [others.]
264 _aDumaguete City :
_bFoundation University ;
_c2014.
_42014.
300 _axv, 90 leaves :
_bill. (chiefly color) ;
_c28 cm.
_3volume
_fresource
336 _2rdacontent
_atext
_btxt
337 _2rdamedia
_aunmediated
_bn
338 _3rdacarrier
_avolume
_bnc
502 _eUndergraduate feasibility (BS in Administration Major in Operations Managment) - - Foundation University, 2015.
504 _aIncludes bibliographical references and appendices.
520 _aABSTRACT It was the objective of this study to determine the feasibility of establishing a cremation cemetery in Dumaguete City. A total of 400 The researchers employed the project feasibility approach. respondent within the 30 and above was selected as respondents utilizing the convenience sampling technique. The proposed will be named Gardens Crematorium as suggested by the researchers and agreed by the proponent, Mr. Edward Uy. The proponent will invest total of P 18, 000, 000.00 as the initial capital. On the basis of the vital findings of this study, the researchers made a conclusion that the project is feasible from the marketing point of view since there is a demand for cremation cemetey. Since all the resources necessary for the operation are readily available and the costs associated with these resources are justifiable, is also technically feasible. From the management perspective, the project is feasible since the organizational structure is appropriate and workable, and that the salaries and fringe benefits of would-be employees conform to the existing labor standards and practices. With such indicators asliquidity, stability, profitability and operating efficiency pointing to a very favourable financial condition, the project is financially viable. With the cremation cemetery, it's a big help to the economy by providing employment and income to the people, and could result in greater productive mobilization and utilization of economy's resources.
650 _aCrematories
_zPhilippines.
_91518
650 _aCemeteries
_zPhilippines.
_915506
650 _aFuneral rites and ceremonies
_zPhilippines.
_915505
650 _ainformal sector (Economics)Feasibility studies.
_915504
658 _aProject Feasibility Study :
_bAdministration Major in Operations Management, Bachelor of Science in ;
_cFSB301.
700 1 _aBayona, Cheryll G.
_eco-author
_915522
700 1 _aJumento, Grace J.
_eco-author
_915525
700 1 _aMora, Ar Jay S.
_915526
700 1 _aTuballa, rommer P.
_915527
942 _2lcc
_cFS
_hLG 221 D35 B87
_iA5 B87 O64 2014 A86
_kCBA (OprMgt-FS)
999 _c5748
_d5748